000 00879nam a22002657a 4500
001 BR2016004472
003 BR-BrBNA
005 20230928105004.0
007 ta
008 230509b bl.||||| |||| 00| 0 por d
040 _aBR-BrBNA
_bpor
_cBiblioteca Nacional de Agricultura
041 _a(Por)
072 _aD10
090 _ D10 BR2016004472
110 1 _aFundação Franco-Brasileira de Pesquisa e Desenvolvimento, Brasília, DF (Brasil)
245 1 _aSolução integrada para o desenvolvimento institucional e científico de gestão de convênios e obras, administrados pelo Ministério da Agricultura, Pecuária e Abastecimento
260 3 _aBrasília, DF (Brasil):
_c2006.
300 _a31 p.
500 _a5 tables
650 _aGESTÃO
650 _aCONVÊNIO
650 _aADMINISTRAÇÃO PÚBLICA
909 _a202309
_bLucia
_c55
_dLucia Elande
942 _cBK
999 _c82808
_d82808